00772nam a2200217Ii 45000010005000000030009000050080041000140400033000550410008000880820014000961000032001102450021001422640081001633000012002443360026002563370028002823380027003109400050003379990017003879520150004048663CO-ViMGA241108s9999||||xx |||||||||||||| ||und|| aCO-ViMGAbspaerdacCO-ViMGA0 aunk04aC861-P6491 aDavid Pineda Salazar95411410aDe bronce y agua 1a[Lugar de publicación no identificado] : Biblioteca pública piloto, 1989 avolumen atextbtxt2rdacontent aunmediatedbn2rdamedia avolumebnc2rdacarrier aidficha_siabuc: 8466. -- ficha_no_siabuc:8663 c50976d50976 001040708InfPoTiaMEVIGERRbMEVIGERRcGENd2006-11-27hVol.1oC861-P649pECA9068-9185r2024-11-26 10:02:24tEj.1w2024-11-26yBKz8466 | 11890